Gaming Quiz

Random Gaming Quiz

Poptropica Villains Quiz Stats

 Plays Quiz not verified by Sporcle

Support Sporcle.
Go Orange.
Score 0/20 Timer 06:00
0 Plays Today
% Correct
???
74.7%
???
67.2%
???
66.3%
???
63.5%
???
59.2%
???
49.4%
???
49.2%
???
48.1%
???
47.8%
???
43%
% Correct
???
36.7%
???
36%
???
34.3%
???
30.1%
???
29.2%
???
28.2%
???
25.6%
???
25.3%
???
24.5%
???
19%

You're not logged in!

Compare scores with friends on all Sporcle quizzes.
OR
Log In
Forgot?

From the Vault

Click My Older Self

by senordingdong

Now that we sit and think about it, we're really hoping to age as well as some of these people.
Remove Ads.
Support Sporcle.
Get the best of Sporcle when you Go Orange. This ad-free experience offers more features, more stats, and more fun while also helping to support Sporcle. Thank you for becoming a member.

Show Comments

Extras

Created Dec 28, 2012ReportNominate
Tags:cool, island, poptropica, Villains

Top Quizzes Today


Score Distribution

Your Account Isn't Verified!

In order to create a playlist on Sporcle, you need to verify the email address you used during registration. Go to your Sporcle Settings to finish the process.

Report this User

Report this user for behavior that violates our Community Guidelines.

Details: